| 000 | 00404 a2200121 4500 | ||
|---|---|---|---|
| 001 | ART_44088 | ||
| 005 | 20260410161606.0 | ||
| 008 | 260409a | ||
| 245 | 1 | 0 | _aInversiones productivas. Imputación de resultados consecuente de la ley 27264 |
| 100 | 1 | _aSimaro, Gustavo | |
| 700 | 1 | _aTorchelli, Valeria | |
| 773 | 0 |
_tProfesional & Empresaria _g- Año XVIII, Nº 217 (oct. 2017) _wREV70 |
|
| 999 |
_c10177 _d10177 |
||